000 01186nam a2200337 a 4500
001 000028800
003 DO-SdBPM
005 20260220111715.0
007 ta
008 110412s2010 dr 000 0 spa d
020 _a9789993467601
040 _aDO-SdBPM
_bspa
_cBPMSU
_drda
082 0 4 _a370.114
_bA445m 2010
_222
100 1 _aAlmánzar García, José Nicolás
_4aut.
_eautor
245 1 0 _aManual de educación moral y cívica :
_bpara el ciudadano dominicano /
_cJosé Nicolás Almánzar García ; presentación de Daniel Toribio.
264 _aSanto Domingo :
_bBanReservas,
_c2010.
300 _a326 páginas ;
_c23 cm.
336 _atexto
_btxt
_2rdacontent
337 _asin mediación
_bn
_2rdamedia
338 _avolumen
_bnc
_2rdacarrier
500 _aIncluye datos biográficos del autor en la solapa de la cubierta.
504 _aBibliografía: páginas 325-326
590 _aInventariado, 2026/VM
650 7 _aEducación cívica
_xEnseñanza
650 7 _aEducación moral
_xEnseñanza
650 7 _aÉtica social
650 z _a Social ethics
700 1 _aToribio, Daniel,
_epresentación
910 _aVMateo V. Control de calidad BPMSU
942 _2ddc
_cBK
999 _c15725
_d15725